Europejskie państwa według podpowiedzi - Statystyki

Ogólne statystyki
  • Ten quiz został rozwiązany 666 razy
  • Średni wynik to 25 z 28
Statystyki odpowiedzi
Podpowiedzi: Państwo % Poprawnych
Napoleon, szampan, wieża Eiffla Francja
100%
kiełbasa, Chopin, Kopernik Polska
100%
najmniejsze państwo, papież, Bazylika św. Piotra Watykan
100%
Kreta, igrzyska olimpijskie, Partenon Grecja
98%
piwo, Schwarzwald, Beethoven Niemcy
98%
mafia, pizza, renesans Włochy
98%
Ikea, klopsiki, Volvo Szwecja
97%
czekolada, frytki, stolica UE Belgia
96%
Kreml, zimna wojna, Czajkowski Rosja
95%
Pysanka, Czarnobyl, barszcz Ukraina
94%
bulldogi, bobby, Buckingham Wielka Brytania
94%
Borgen, kolarstwo, Lego Dania
93%
sauna, wojna zimowa, Laponia Finlandia
92%
Mozart, Dźwięki muzyki, Freud Austria
91%
Bohemia, Most Karola, Škoda Czechy
91%
Alpy, była jugosłowiańska, Lublana Słowenia
91%
cava, Costa del Sol, tapas Hiszpania
90%
gulasz, rewolucja 1956, Balaton Węgry
90%
fiordy, Pokojowa Nagroda Nobla Norwegia
89%
flaga z podwójnym orłem, większość muzułmańska, bunkry Albania
88%
Wielki Zderzacz Hadronów, zegarki, Matterhorn Szwajcaria
88%
konopie, kanały, Anne Frank Holandia
83%
wyspa, szpitalnicy, sokół Malta
83%
kataloński, Pireneje, współksiążęta Andora
82%
Albert II, kasyno, Formuła 1 Monako
82%
Limerick, Kamień z Blarney, Emerald Isle Irlandia
77%
Algarve, Azory, Duero Portugalia
76%
Skype, głosowanie online, kiiking Estonia
64%
Nie znaleziono quizów pasujących do podanych kryteriów
Rozkład punktacji
Procent ludzi z każdym wynikiem
Percentyl według liczby udzielonych odpowiedzi
Twoja historia wyników
Nie rozwiązałeś tego quizu